000 00522nmm a2200169Ia 4500
008 251105s9999||||xx |||||||||||||||||und||
020 _a9788477372356
041 _aspa
100 _aGarcía Hurtado, Manuel-Reyes (ed.)
245 0 _aLa vida cotidiana en la España del siglo XVIII
264 _a[Madrid, España] :
_bSílex Ediciones,
_c2009
300 _a240 páginas
490 _aSílex Universidad
650 _aHistory of Europe: Spain
856 _uhttps://public.digitaliapublishing.com/a/1392
942 _cCF
999 _c85381
_d85381